Lady Gaga: Complete Discography - Statistics

General Stats
  • This quiz has been taken 261 times
    59 since last reset
  • The average score is 69 of 145
Answer Stats
Album Song % Correct
Born This Way Born This Way
90%
The Fame Paparazzi
88%
The Fame Monster Alejandro
81%
The Fame Monster Bad Romance
81%
Born This Way Judas
81%
A Star Is Born Shallow
81%
The Fame Monster Telephone
81%
The Fame Just Dance
79%
The Fame Poker Face
79%
The Fame The Fame
79%
Mayhem Abracadabra
77%
Artpop Applause
77%
Joanne Joanne
77%
Mayhem Disease
73%
The Fame LoveGame
73%
Artpop Artpop
71%
Born This Way Bloody Mary
71%
Mayhem Die With A Smile
71%
Chromatica Rain On Me
71%
Born This Way The Edge Of Glory
69%
The Fame Monster Monster
67%
Chromatica 911
65%
Mayhem Garden Of Eden
65%
Born This Way Government Hooker
65%
Artpop G.U.Y.
65%
The Fame Beautiful, Dirty, Rich
63%
Chromatica Chromatica I
63%
The Fame Monster Dance In The Dark
63%
Artpop Fashion!
63%
Soundtracks Fashion
63%
Born This Way Marry The Night
63%
Joanne Million Reasons
63%
Artpop Venus
63%
Mayhem Zombieboy
63%
Born This Way Americano
60%
Artpop Aura
60%
Mayhem Blade Of Grass
60%
Chromatica Chromatica II
60%
Mayhem Perfect Celebrity
60%
The Fame Monster Speechless
60%
The Fame Summerboy
60%
A Star Is Born Always Remember Us This Way
58%
Joanne A-Yo
58%
Chromatica Chromatica III
58%
Born This Way Heavy Metal Lover
58%
Joanne John Wayne
58%
The Fame Monster Teeth
58%
Mayhem The Beast
58%
Mayhem (Bonus) The Dead Dance
58%
The Fame Boys Boys Boys
56%
The Fame Brown Eyes
56%
The Fame Money Honey
56%
The Fame Paper Gangsta
56%
Joanne Perfect Illusion
56%
The Fame Monster So Happy I Could Die
56%
Mayhem Vanish Into You
56%
Chromatica Alice
54%
The Fame (Bonus) Disco Heaven
54%
Born This Way Electric Chapel
54%
Artpop Gypsy
54%
Born This Way Hair
54%
Mayhem Killah
54%
Mayhem Love Drug
54%
Artpop Mary Jane Holland
54%
Artpop Swine
54%
Chromatica Babylon
52%
Artpop Donatella
52%
The Fame Eh, Eh (Nothing Else I Can Say)
52%
Mayhem How Bad Do U Want Me
52%
Chromatica Sine From Above
52%
Chromatica Sour Candy
52%
Chromatica Stupid Love
52%
Born This Way (Bonus) Black Jesus + Amen Fashion
50%
Joanne Diamond Heart
50%
Joanne Hey Girl
50%
The Fame I Like It Rough
50%
Artpop Manicure
50%
The Fame Starstruck
50%
Born This Way (Bonus) The Queen
50%
Born This Way You & I
50%
Chromatica 1000 Doves
48%
Born This Way Bad Kids
48%
Artpop Dope
48%
Joanne (Bonus) Grigio Girls
48%
Born This Way Highway Unicorn (Road To Love)
48%
Artpop Jewels n' Drugs
48%
Artpop Sexxx Dreams
48%
Mayhem Shadow Of A Man
48%
Joanne Dancin' In Circles
46%
Mayhem Don't Call Tonight
46%
Chromatica Replay
46%
Chromatica Enigma
44%
Mayhem (Bonus) Kill For Love
44%
Joanne Angel Down
42%
Mayhem (Bonus) Can't Stop The High
42%
Artpop Do What U Want
42%
Born This Way (Bonus) Fashion Of His Love
42%
Chromatica Free Woman
42%
A Star Is Born I'll Never Love Again
42%
Born This Way Scheiße
42%
Harlequin The Joker
42%
Chromatica Fun Tonight
40%
Chromatica Plastic Doll
40%
Red and Blue Red and Blue
40%
Joanne Come To Mama
38%
Joanne (Bonus) Just Another Day
38%
The Fame (Bonus) Retro Dance Freak
38%
Joanne Sinner's Prayer
38%
Harlequin Good Morning
35%
Harlequin Happy Mistake
35%
The Fame (Bonus) Again Again
33%
Singles Christmas Tree
33%
A Star Is Born Hair Body Face
33%
A Star Is Born Why Did You Do That?
31%
Singles Cure
29%
Chromatica (Bonus) Love Me Right
29%
Harlequin Folie à Deux
27%
Harlequin Smile
27%
Soundtracks Til It Happens To You
27%
Harlequin Close To You
25%
Harlequin Get Happy
25%
Harlequin Oh, When The Saints
25%
Harlequin That's Life
25%
Soundtracks Hold My Hand
23%
A Star Is Born Is That Alright?
23%
A Star Is Born Look What I Found
23%
Features Chillin'
21%
A Star Is Born Diggin' My Grave
21%
Harlequin Gonna Build A Mountain
21%
Harlequin That's Entertainment
21%
Harlequin World On A String
21%
Harlequin If My Friends Could See Me Now
19%
A Star Is Born Before I Cry
17%
A Star Is Born Heal Me
17%
A Star Is Born I Don't Know What Love Is
15%
A Star Is Born Music To My Eyes
15%
Features 3-Way (The Golden Rule)
8%
Red and Blue No Floods
8%
Red and Blue Something Crazy
6%
Red and Blue Wish You Were Here
6%
Red and Blue Words
6%
Features Big Girl Now
4%
Singles Stuck On Fuckin' You
2%
Features Hello, Hello
0%
Soundtracks We're Doing A Sequel
0%
No matching quizzes found
Score Distribution
Percent of People with Each Score
Percentile by Number Answered
Your Score History
You have not taken this quiz since the last reset